Sports Quiz

Random Sports or Baseball Quiz

Pittsburgh Pirates Rookie Debuts (2010s) Quiz Stats

 Plays Quiz not verified by Sporcle

Support Sporcle.
Go Orange.
Score 0/82 Timer 15:00
2 Plays Today
Year of Debut Answer % Correct
2013Gerrit Cole
90.8%
2012Starling Marte
87.5%
2018Kevin Newman
86.5%
2016Kelvin Marte
86.1%
2016Jameson Taillon
85.6%
2014Gregory Polanco
84.2%
2019Bryan Reynolds
83.6%
2016Jacob Stallings
78.5%
2011Josh Harrison
78.3%
2016Josh Bell
76.9%
2016Adam Frazier
75.8%
2010Pedro Alvarez
75.5%
2012Jordy Mercer
74.7%
2015Elias Diaz
74.5%
2010Argenis Diaz
73.9%
2019Cole Tucker
73%
2016Tyler Glasnow
72.8%
2019Jason Martin
72.4%
2016Trevor Williams
72%
2018Kevin Kramer
70.1%
2018Austin Meadows
67.7%
2011Tony Watson
67.1%
2016Steven Brault
66.3%
2016Chad Kuhl
64.9%
2019Mitch Keller
64.8%
2012Justin Wilson
63.9%
2013Tony Sanchez
62.2%
2011Jeff Locke
62%
Year of Debut Answer % Correct
2011Josh Rodriguez
62%
2017Angel Sanchez
61.7%
2015Jung-ho Kang
61.1%
2011Jared Hughes
56%
2017Edgar Santana
54.9%
2010Jose Tabata
54.1%
2017Jose Osuna
52.7%
2017Dovydas Neverauskas
51.9%
2018Nick Kingham
51.9%
2018Clay Holmes
51.1%
2017Jordan Luplow
48.4%
2016Max Moroff
47%
2013Kris Johnson
46.7%
2010Alex Presley
46.5%
2010Brad Lincoln
45.9%
2018Pablo Reyes
45.1%
2013Brandon Cumpton
44.8%
2019James Marvel
44.4%
2019Geoff Hartlieb
44%
2012Bryan Morris
43.5%
2019Dario Agrazal
43.3%
2017Gift Ngoepe
42.1%
2011Chase d'Arnaud
41.6%
2014Casey Sadler
41.6%
2012Gorkys Hernandez
41.3%
2016Alen Hanson
39.9%
2011Eric Fryer
39.4%
2011Daniel Moskos
39.1%
Year of Debut Answer % Correct
2010Erik Kratz
38.6%
2017John Bormann
37.2%
2010Pedro Ciriaco
37%
2012Brock Holt
36.7%
2013Vic Black
35.6%
2012Matt Hague
35.1%
2013Andrew Lambo
35.1%
2018Nick Burdi
34.8%
2012Kyle McPherson
34.5%
2018Tanner Anderson
34.2%
2014John Holdzkom
33.4%
2013Phil Irwin
32.1%
2018Alex McRae
31.3%
2019Luis Escobar
30%
2013Duke Welker
29.6%
2015Keon Broxton
29.1%
2013Stolmy Pimentel
27.4%
2011Aaron Thompson
26.6%
2019Montana DeRapau
26.3%
2011Michael Crotta
25.5%
2017Danny Ortiz
25.5%
2010John Raynor
25.3%
2013Ryan Reid
23.9%
2016Wilfredo Boscan
23.9%
2015Deolis Guerra
23.6%
2017Christopher Bostick
23.1%

You're not logged in!

Compare scores with friends on all Sporcle quizzes.
OR
Log In

From the Vault

5-Letter Ends in 'E'

by sproutcm

Five letter words that end in the fifth letter of the alphabet? Sounds a little fishy to us.
Remove Ads.
Support Sporcle.
Get the best of Sporcle when you Go Orange. This ad-free experience offers more features, more stats, and more fun while also helping to support Sporcle. Thank you for becoming a member.

Show Comments

Extras

Top Quizzes Today


Score Distribution

Your Account Isn't Verified!

In order to create a playlist on Sporcle, you need to verify the email address you used during registration. Go to your Sporcle Settings to finish the process.

Report this User

Report this user for behavior that violates our Community Guidelines.

Details: